00661nam a2200145Ia 4500008004100000100001700041245009200058245010200150260004700252260000900299650002200308856009300330999001900423952007300442160809s9999 xx 000 0 und d aWai, Nicole. aEFFECTIVE SPELLING STRATEGIES FOR STUDENTS WITH DYSLEXIA IN HONG KONG SECONDARY SCHOOLS cNicole Wai Ying Chan Thomas Cheung Secondary School Kaili Chen Zhang The University of Hong Kong. bInternational Journal of Special Education c2014 xSPECIAL EDUCATION uhttp://www.internationaljournalofspecialed.com/issues/IJSE%20ENTIRE%20ISSUE%2029%201.pdf c300310d300310 001040aCLbCLd2016-08-09l0r2016-08-09 00:00:00w2016-08-09yFOJ